| 000 | 00504nam a2200181Ia 4500 | ||
|---|---|---|---|
| 008 | 180921t1983 xxu||||| |||| 00| 0 sin d | ||
| 041 | _asin | ||
| 080 |
_a5 _bJAY |
||
| 100 | _aJayasinghe, Malani | ||
| 245 | _aමුලික විද්යා අත්පොත | ||
| 246 | _aMulika vidyaa athpotha | ||
| 260 |
_bM.D. Gunasena _aColombo _c1983 |
||
| 300 | _a53p., 18 cm | ||
| 650 |
_aEvolution _aOrigin of species |
||
| 942 | _cBK | ||
| 999 |
_c15319 _d15319 |
||
| 003 | LK-CoDNM | ||
| 040 |
_aLK-CoDNM _dLK-CoDNM _eLK-CoDNM |
||